000 00500nam a2200193 a 4500
001 10762
003 CO-ViMGA
008 141112s2004 ck r 000 u spa d
020 _a8441401160
040 _aCO-ViMGA
_bspa
_cCO-ViMGA
082 0 4 _a914.64 A96i
100 1 _aArmiño ; Mauro,
_914721
245 1 0 _aCastilla
260 _aMadrid :
_bEditorial Edaf S.A,
_c1996
300 _a123p.
490 _aSus obras completas
650 1 4 _aCASTILLA - ESPAÑA - DESCRIPCION
_914722
942 _2ddc
_cBK
999 _c22012
_d22012